000 00462nam a2200181Ia 4500
001 4180
005 20260306145736.0
008 260306t2017||||xx |||||||||||||| ||spa||
041 _aESP
082 _a320
_bC241
100 _aCiaramitaro, Fernando
_eAUT
245 0 _aExtranjeros, naturales y fronteras en la América ibérica y Europa
260 _c2017
300 _a293 páginas :
_c21 cm.
650 _aGEN
654 _aCDE
942 _cLIB
_dJUS
_fJUS
_2ddc
_n
999 _c4180
_d4180